| 000 | 00493nam a2200157Ia 4500 | ||
|---|---|---|---|
| 008 | 210716s2008 xx 000 0 und d | ||
| 020 | _a0415437628 | ||
| 041 | _aeng | ||
| 082 | _a658.406 ALVM | ||
| 100 | _aAlvesson, mats;Sveningsson, Stefan. | ||
| 245 |
_aChanging organizational culture: cultural change work in progress. _bCultural change work in progress. |
||
| 250 | _a1 | ||
| 260 |
_aNew York _bRoutledge _c2008 |
||
| 300 | _axiii,194 | ||
| 650 | _aOrganizational Development & Change | ||
| 999 |
_c205334 _d205334 |
||